书目信息 |
| 题名: |
密码学导引
|
|
| 作者: | 冯登国 编著 | |
| 分册: | ||
| 出版信息: | 北京 科学出版社 1999.04 |
|
| 页数: | 293页 | |
| 开本: | 12开 | |
| 丛书名: | ||
| 单 册: | ||
| 中图分类: | ||
| 科图分类: | ||
| 主题词: | 保密通信 | |
| 电子资源: | ||
| ISBN: | 7-03-007295-2 | |
| 000 | 00578nam0 2200205 45 | |
| 001 | 9911061521 | |
| 005 | 19991106154131.6 | |
| 010 | @a7-03-007295-2@d30.00元 | |
| 100 | @a19991106d1999 km y0chiy0120 ea | |
| 101 | @achi | |
| 105 | @a z 000yy | |
| 200 | 1 | @a密码学导引@AMi Ma Xue Dao Yin@f冯登国,裴定一等编著@FFeng Deng Guo,Pei Ding Yi Deng Bian Zhu |
| 210 | @a北京@c科学出版社@d1999.04 | |
| 215 | @a293页@d12开 | |
| 606 | 0 | @a保密通信 |
| 690 | @v3 | |
| 690 | @aTN918.2 | |
| 701 | @a冯登国@4编著 | |
| 801 | @aCN@bPFTUser@c19991106 | |
| 905 | @f3@b43105-107@dTN918.2@eF264 | |
| 密码学导引/冯登国,裴定一等编著.-北京:科学出版社,1999.04 |
| 293页;12开 |
| ISBN 7-03-007295-2:30.00元 |
| ● |
| 相关链接 |
|
|
|
正题名:密码学导引
索取号:TN918.2/F264
 
预约/预借
| 序号 | 登录号 | 条形码 | 馆藏地/架位号 | 状态 | 备注 |
| 1 | 43105 | 200431050 | 期刊室512/301自科库 30排1列1层/ [索取号:TN918.2/F264] | 在馆 | |
| 2 | 43106 | 200431069 | 自科库301/301自科库 30排1列1层/ [索取号:TN918.2/F264] | 在馆 | |
| 3 | 43107 | 200431078 | 期刊室512/301自科库 30排1列1层/ [索取号:TN918.2/F264] | 在馆 |